The Smithsonian guides to historic America : The rocky mountain states
Each volume in this series features up to da te site information that includes location, visiting hours, phone numbers, and fee information, plus additional travel t ips. Maps offers broader views of each area and help plan yo ur own trips of discovery.
Đã lưu trong:
| Tác giả chính: | |
|---|---|
| Định dạng: | Sách |
| Ngôn ngữ: | Undetermined |
| Được phát hành: |
New York, US
Stewart, Tabori & Chang
1998
|
| Những chủ đề: | |
| Các nhãn: |
Thêm thẻ
Không có thẻ, Là người đầu tiên thẻ bản ghi này!
|
| Thư viện lưu trữ: | Trung tâm Học liệu Trường Đại học Cần Thơ |
|---|
| LEADER | 00990nam a2200229Ia 4500 | ||
|---|---|---|---|
| 001 | CTU_141478 | ||
| 008 | 210402s9999 xx 000 0 und d | ||
| 082 | |a 917.80433 | ||
| 082 | |b D923 | ||
| 100 | |a Dunn, Jerry Camarillo | ||
| 245 | 4 | |a The Smithsonian guides to historic America : | |
| 245 | 4 | |b The rocky mountain states | |
| 245 | 0 | |c Text by Jerry Camarillo Dunn, Jr. ; editorial director, Roger G. Kennedy | |
| 260 | |a New York, US | ||
| 260 | |b Stewart, Tabori & Chang | ||
| 260 | |c 1998 | ||
| 520 | |a Each volume in this series features up to da te site information that includes location, visiting hours, phone numbers, and fee information, plus additional travel t ips. Maps offers broader views of each area and help plan yo ur own trips of discovery. | ||
| 650 | |a Historic sites,Historic sites | ||
| 650 | |x Guidebooks,Guidebooks | ||
| 650 | |z Rocky Mountains Region,West (U.S.) | ||
| 904 | |i Trọng Hiếu | ||
| 980 | |a Trung tâm Học liệu Trường Đại học Cần Thơ | ||